Skip to content
VuFind
All Fields
Title
Author
Subject
Call Number
ISBN/ISSN
Tag
Find
Advanced
A tale of two cities
Cite this
Print
Export Record
Export to RefWorks
Export to EndNoteWeb
Export to EndNote
Export to MARC
A tale of two cities
Bibliographic Details
Format:
Book
Holdings
Description
Similar Items
Staff View
MARC
LEADER
00000cam a2200000 7i4500
001
0000009625
002
000010488
005
20000330.0
020
|a
0870650076
090
0
0
|a
YF
|b
DIC
245
1
0
|a
A tale of two cities
999
|a
0007318
|b
BUKU
|c
PINJAMAN
|e
PERPUSTAKAAN KOMUNITI PETALING JAYA
Similar Items
City Girl
by: Lee, Ming Cameron
Published: (1993)
Poe's Tales
Tales Of Robin Hood
Tales Of Mystery And The Unknown
Indian tales and legends